00514nam a22002057a 450000500170000001000130001702000220003003500130005203700160006504000120008108200130009310000160010624500390012226000490016127000410021030000200025165000100027165000240028170000030030520170124110043.0 aA-427591 c70.00a8185336296 aA-427591 bCen Lib/Ret aDPLbEN a882bDEL aDelgado, R. aBest short plays /cby Delgado R. aNew DelhibAffiliated east west press c1990 bNew Delhia104, Nirmal towere110001 a310p.c21cm(Hb) aDrama aEnglish literature